000 00398nam a22001697a 4500
003 OSt
005 20220523110301.0
008 220523b |||||||| |||| 00| 0 eng d
020 _a978-0-099-47847-8
040 _aDDC
_cHU
082 _21ST
_a823
_b1
100 _aJ.M.COTZEE
_936887
245 _aBRIGHTON ROCK
250 _a1ST
260 _aLONDON
_bVINTAGE BOOKS
_c1983
942 _2ddc
_cBOOKS
_n0
999 _c35467
_d35467